000
00323nam a2200133Ia 4500
005
20251222155040.0
008
251222s9999||||xx |||||||||||||| ||spa||
082
_a
ESC. 37.1
100
_a
WERNER, David
245
0
_a
Aprendiendo a Promover la Salud
250
_a
1ra. ed.
264
_b
Fundación esperiÔn
942
_c
LIB
999
_c
36898
_d
36898